| 000 | 00965nas a2200337 4500 | ||
|---|---|---|---|
| 001 | BR2015003109 | ||
| 003 | BR-BrBNA | ||
| 005 | 20231205125352.0 | ||
| 007 | ta | ||
| 008 | 230509b bl.|||p| |||| 00| 00por d | ||
| 040 |
_aBR-BrBNA _bpor _cBiblioteca Nacional de Agricultura |
||
| 041 | _a(Pt) | ||
| 072 | _aQ02; J13 | ||
| 100 | 1 | _aSilva, M.A.P. da | |
| 100 | 1 | _aSantos, P.A. dos | |
| 100 | 1 | _aLeão, K.M. | |
| 100 | 1 | _aNeves, R.B.S. | |
| 100 | 1 | _aGuimarães, K.C. | |
| 100 | 1 | _aNicolau, E.S. | |
| 245 | 1 | _aQualidade do leite na indústria de laticínios | |
| 650 | _aLEITE | ||
| 650 | _aQUALIDADE | ||
| 650 | _aSILO | ||
| 650 | _aLATICÍNIO | ||
| 650 | _aINDÚSTRIA ALIMENTÍCIA | ||
| 650 | _aTEMPERATURA | ||
| 650 | _aARMAZENAMENTO DE ALIMENTO | ||
| 773 | 0 |
_tRevista do Instituto Adolfo Lutz (Brazil) _xISSN 0073-9855 _g(Jan-Mar 2010), v. 69(1) p. 23-28 _wBR2015003109 |
|
| 909 |
_a202311 _bLúcia _c55 _dLúcia Elande |
||
| 942 |
_2AGRIS _n0 _cANA |
||
| 999 |
_c244021 _d244021 |
||